Heart of the koran - meditations and illuminations from the scriptures of islam / (Record no. 347492)
[ view plain ]
| 000 -LEADER | |
|---|---|
| fixed length control field | 00632 a2200169 4500 |
| 020 ## - INTERNATIONAL STANDARD BOOK NUMBER | |
| International Standard Book Number | 8185063907 (paperback) |
| 020 ## - INTERNATIONAL STANDARD BOOK NUMBER | |
| International Standard Book Number | 9788185063904 (paperback) |
| 090 ## - LOCALLY ASSIGNED LC-TYPE CALL NUMBER (OCLC); LOCAL CALL NUMBER (RLIN) | |
| -- | 5069 |
| -- | 5069 |
| 100 1# - MAIN ENTRY--PERSONAL NAME | |
| Personal name | Hixon, Lex. |
| 245 10 - TITLE STATEMENT | |
| Title | Heart of the koran - meditations and illuminations from the scriptures of islam / |
| Statement of responsibility, etc. | Lex Hixon. |
| 250 ## - EDITION STATEMENT | |
| Edition statement | New Ed ed. |
| 260 ## - PUBLICATION, DISTRIBUTION, ETC. | |
| Place of publication, distribution, etc. | [S.l.] : |
| Name of publisher, distributor, etc. | Goodword books, |
| Date of publication, distribution, etc. | 1998. |
| 300 ## - PHYSICAL DESCRIPTION | |
| Extent | 268 p. ; |
| Dimensions | 22 cm. |
| 520 ## - SUMMARY, ETC. | |
| Summary, etc. | Modern meditation on Islam's Koran in free English prose. Companion video. |
| 856 40 - ELECTRONIC LOCATION AND ACCESS | |
| Materials specified | Amazon.com |
| Uniform Resource Identifier | <a href="http://www.amazon.com/exec/obidos/ASIN/8185063907/chopaconline-20">http://www.amazon.com/exec/obidos/ASIN/8185063907/chopaconline-20</a> |
| 942 ## - ADDED ENTRY ELEMENTS (KOHA) | |
| Institution code [OBSOLETE] | NBS |
| Koha item type | Book |
| Call number prefix | 297.4 HIX |
| Withdrawn status | Lost status | Damaged status | Not for loan | Permanent Location | Current Location | Shelving location | Date acquired | Total Checkouts | Full call number | Barcode | Date last seen | Date last checked out | Price effective from | Koha item type |
|---|---|---|---|---|---|---|---|---|---|---|---|---|---|---|
| Central Library (CL) | Central Library (CL) | First Floor - Islam | 08/28/2013 | 1 | 297.4 HIX | NBS7102 | 05/10/2024 | 12/26/2013 | 08/28/2013 | Book |
